00766nam a2200241 a 4500001001300000003000900013005001700022008004100039020001000080082001700090100002000107245008000127260005500207300000900262500003500271505001000306650004000316700002000356902000800376942000700384952011800391999001500509nice12345678IN_TiNIC20260116013015.0050524s1987 alta grp 000 0 fre  ac10000a291.172bLEV aLevart, Jacques aUne Experience De Dialogue, Les Centres D`Etude Chretiens En Monde Musulman aAltenbergebChristlich-Islamisches Schriftumc1987 a392p aincludes index and biblioraphy2 aIndex aInterfaith Dialogue-Christian Musli1 aLevart, Jacques bSRS cBK 001040708StackRoom-aHMIbHMId2007-07-17g100.00l0o291.172 LEVp012785r2007-07-17v100.00w2005-05-24yBK c9246d9246